<?xml version="1.0" encoding="UTF-8"?>
<record
    xmlns:xsi="http://www.w3.org/2001/XMLSchema-instance"
    xsi:schemaLocation="http://www.loc.gov/MARC21/slim http://www.loc.gov/standards/marcxml/schema/MARC21slim.xsd"
    xmlns="http://www.loc.gov/MARC21/slim">

  <leader>03492nam a2200517 i 4500</leader>
  <controlfield tag="001">113777</controlfield>
  <controlfield tag="003">FlNmELB</controlfield>
  <controlfield tag="005">20241217174438.0</controlfield>
  <controlfield tag="006">m     o  d |      </controlfield>
  <controlfield tag="007">cr cnu||||||||</controlfield>
  <controlfield tag="008">210630s2012    ck a   fob    001 0 spa d</controlfield>
  <datafield tag="020" ind1=" " ind2=" ">
    <subfield code="a">9789587750416</subfield>
    <subfield code="q">(e-book)</subfield>
  </datafield>
  <datafield tag="035" ind1=" " ind2=" ">
    <subfield code="a">(OCoLC)1261028654</subfield>
  </datafield>
  <datafield tag="040" ind1=" " ind2=" ">
    <subfield code="a">FINmELB</subfield>
    <subfield code="b">spa</subfield>
    <subfield code="e">rda</subfield>
    <subfield code="c">FINmELB</subfield>
  </datafield>
  <datafield tag="050" ind1=" " ind2="4">
    <subfield code="a">QA248</subfield>
    <subfield code="b">.M869 2012</subfield>
  </datafield>
  <datafield tag="080" ind1=" " ind2=" ">
    <subfield code="a">510.3</subfield>
  </datafield>
  <datafield tag="082" ind1="0" ind2="4">
    <subfield code="a">511.322</subfield>
    <subfield code="2">23</subfield>
  </datafield>
  <datafield tag="100" ind1="1" ind2=" ">
    <subfield code="a">Mu&#xF1;oz Quevedo, Jos&#xE9; Mar&#xED;a,</subfield>
    <subfield code="d">1940-</subfield>
  </datafield>
  <datafield tag="245" ind1="1" ind2="0">
    <subfield code="a">Introducci&#xF3;n a la teor&#xED;a de conjuntos /</subfield>
    <subfield code="c">Jos&#xE9; Mar&#xED;a Mu&#xF1;oz Quevedo.</subfield>
  </datafield>
  <datafield tag="250" ind1=" " ind2=" ">
    <subfield code="a">Cuarta edici&#xF3;n.</subfield>
  </datafield>
  <datafield tag="264" ind1=" " ind2="1">
    <subfield code="a">Bogot&#xE1; :</subfield>
    <subfield code="b">Universidad Nacional de Colombia,</subfield>
    <subfield code="c">2012.</subfield>
  </datafield>
  <datafield tag="300" ind1=" " ind2=" ">
    <subfield code="a">1 recurso en l&#xED;nea (xvi, 297 p&#xE1;ginas) :</subfield>
    <subfield code="b">ilustraciones</subfield>
  </datafield>
  <datafield tag="336" ind1=" " ind2=" ">
    <subfield code="a">texto</subfield>
    <subfield code="b">txt</subfield>
    <subfield code="2">rdacontent/spa</subfield>
  </datafield>
  <datafield tag="337" ind1=" " ind2=" ">
    <subfield code="a">computadora</subfield>
    <subfield code="b">c</subfield>
    <subfield code="2">rdamedia/spa</subfield>
  </datafield>
  <datafield tag="338" ind1=" " ind2=" ">
    <subfield code="a">recurso en l&#xED;nea</subfield>
    <subfield code="b">cr</subfield>
    <subfield code="2">rdacarrier/spa</subfield>
  </datafield>
  <datafield tag="490" ind1="1" ind2=" ">
    <subfield code="a">Colecci&#xF3;n textos</subfield>
  </datafield>
  <datafield tag="500" ind1=" " ind2=" ">
    <subfield code="a">Reimpresiones: 2012 (Segunda) ; 2014 (Tercera).</subfield>
  </datafield>
  <datafield tag="504" ind1=" " ind2=" ">
    <subfield code="a">Incluye bibliograf&#xED;a (p&#xE1;ginas 289-297) e &#xED;ndice.</subfield>
  </datafield>
  <datafield tag="505" ind1="0" ind2=" ">
    <subfield code="a">1 Desarrollo intuitivo 2 Desarrollo axiom&#xE1;tico 3 Funciones y relaciones 4 Los n&#xFA;meros naturales 5 Construcci&#xF3;n de los sistemas num&#xE9;ricos 6 Conjuntos infinitos y cardinales 7 Elecci&#xF3;n, cardinalidad y regularidad 8 N&#xFA;meros ordinales.</subfield>
  </datafield>
  <datafield tag="520" ind1=" " ind2=" ">
    <subfield code="a">Para esta reimpresi&#xF3;n se corrigieron los errores, tanto tipogr&#xE1;ficos como de concordancia en las referencias y en la notaci&#xF3;n. Se aclararon algunos conceptos, se adicionaron algunas notas hist&#xF3;ricas, se justificaron varias restricciones impuestas, se dieron las demostraciones de algunas proposiciones un tanto complejas, cuyas pruebas se hab&#xED;an dejado como ejercicios, se agregaron ciertos resultados para facilitar demostraciones posteriores, se a&#xF1;adieron unos cuantos ejercicios y se dio una bibliograf&#xED;a m&#xE1;s completa. Hoy, m&#xE1;s de treinta a&#xF1;os despu&#xE9;s de la primera edici&#xF3;n, surge la pregunta: &#xBF;es un texto a&#xFA;n vigente? Los temas tratados corresponden a los que podr&#xED;an llamarse t&#xF3;picos b&#xE1;sicos eternos, de conocimiento imprescindible para el futuro matem&#xE1;tico o para el licenciado en Matem&#xE1;ticas. Si bien es cierto que en el texto no se incluye ning&#xFA;n resultado reciente en teor&#xED;a de conjuntos, debido a que su comprensi&#xF3;n requiere un nivel de conocimientos y madurez mayor a la que poseen los estudiantes de cuarto semestre universitario, se recomienda a los docentes habilidosos subsanar esta carencia, haciendo la introducci&#xF3;n, al menos a un tema contempor&#xE1;neo, como las t&#xE9;cnicas de forzamiento de Cohen, el cual, aun cuando de nivel mayor que el del presente texto, se ha transformado en un t&#xF3;pico eterno muy fruct&#xED;fero en teor&#xED;a de modelos.</subfield>
  </datafield>
  <datafield tag="588" ind1=" " ind2=" ">
    <subfield code="a">Descripci&#xF3;n basada en metadatos suministrados por el editor y otras fuentes.</subfield>
  </datafield>
  <datafield tag="590" ind1=" " ind2=" ">
    <subfield code="a">Recurso electr&#xF3;nico. Santa Fe, Arg.: elibro, 2021. Disponible v&#xED;a World Wide Web. El acceso puede estar limitado para las bibliotecas afiliadas a elibro.</subfield>
  </datafield>
  <datafield tag="650" ind1=" " ind2="0">
    <subfield code="a">Set theory.</subfield>
  </datafield>
  <datafield tag="650" ind1=" " ind2="0">
    <subfield code="a">Number theory.</subfield>
  </datafield>
  <datafield tag="650" ind1=" " ind2="0">
    <subfield code="a">Arithmetic functions.</subfield>
  </datafield>
  <datafield tag="650" ind1=" " ind2="4">
    <subfield code="a">Teor&#xED;a de conjuntos.</subfield>
  </datafield>
  <datafield tag="650" ind1=" " ind2="4">
    <subfield code="a">Teor&#xED;a de los n&#xFA;meros.</subfield>
  </datafield>
  <datafield tag="650" ind1=" " ind2="4">
    <subfield code="a">Funciones aritm&#xE9;ticas.</subfield>
  </datafield>
  <datafield tag="655" ind1=" " ind2="4">
    <subfield code="a">Libros electr&#xF3;nicos.</subfield>
  </datafield>
  <datafield tag="797" ind1="2" ind2=" ">
    <subfield code="a">elibro, Corp.</subfield>
  </datafield>
  <datafield tag="830" ind1=" " ind2="0">
    <subfield code="a">Colecci&#xF3;n textos.</subfield>
  </datafield>
  <datafield tag="856" ind1="4" ind2="0">
    <subfield code="u">https://elibro.net/ereader/politecnicointernacional/128946</subfield>
  </datafield>
  <datafield tag="999" ind1=" " ind2=" ">
    <subfield code="c">113777</subfield>
    <subfield code="d">113777</subfield>
  </datafield>
</record>
